Oracle designer handbook
Αποθηκεύτηκε σε:
| Κύριος συγγραφέας: | |
|---|---|
| Άλλοι συγγραφείς: | |
| Μορφή: | Βιβλίο |
| Γλώσσα: | English |
| Δημοσίευση: |
Berkeley :
Osborne McGraw-Hill,
c1999
|
| Έκδοση: | 2nd ed. |
| Θέματα: | |
| Ετικέτες: |
Προσθήκη ετικέτας
Δεν υπάρχουν, Καταχωρήστε ετικέτα πρώτοι!
|
MARC
| LEADER | 00000nam a2200000 i 4500 | ||
|---|---|---|---|
| 001 | 1/93764 | ||
| 008 | 991130s1999 eng d | ||
| 020 | |a 0078824176 | ||
| 035 | |l 10054531 | ||
| 040 | |a GR-MY-UA |b gre |e aacr | ||
| 041 | 0 | |a eng | |
| 082 | 0 | |a 005.7585 | |
| 100 | 0 | |a Koletzke, Peter. | |
| 245 | 1 | 0 | |a Oracle designer handbook / |c Peter Koletzke, Paul Dorsey |
| 250 | |a 2nd ed. | ||
| 260 | |a Berkeley : |b Osborne McGraw-Hill, |c c1999 | ||
| 300 | |a xivi, 1071 p.; |b iil.; |c 24 cm. | ||
| 504 | |a Includes index | ||
| 630 | 0 | 0 | |a Designer/2000. |
| 650 | 0 | 0 | |a Software engineering. |
| 700 | 0 | |a Dorsey, Paul. | |
| 852 | |a INST |b SAMOS |e 19991130 |h 005.7585 KOL |p 005300016641 |q 005300016641 |t BK |y 0 | ||
| 901 | |a BIBL3-1999-3 | ||
| 909 | |a Σ |b 069723 | ||
| 922 | |a 3ΕΛΗ |b 199911 |c ΤΠΕΣ |d ΠΑΠΑΣΩΤΗΡΙΟΥ | ||
| 950 | |a 133-1999-07-20 | ||
| 970 | |a ΠΟΥΡΝΑΡΑΣ |b ΔΗΜΗΡΗΣ |z 1999/11/30 | ||